On This Day (January 2nd) Multiple Choice - Statistics

General Stats
  • This quiz has been taken 17 times
    3 since last reset
  • The average score is 8 of 16
Answer Stats
Question Answer % Correct
1920 - Which author, inspiration for National Science Fiction Day, was born in Russia on this day? Isaac Azimov
100%
1967 - Which future President of the United States, is sworn in as Governor of California? Ronald Reagan
100%
1959 - Luna 1, the first spacecraft to reach the vicinity of the Moon and to orbit the Sun, is launched by which country ? Soviet Union
100%
2006 - The Sago Mine Disaster kills 12 out of the 13 trapped miners in which state? West Virginia
100%
1900 - American statesman and diplomat John Hay announces the Open Door Policy to promote trade with which Asian country ? China
67%
January 2nd is National what day in the US ? National Creampuff Day
67%
1968 - Cuba Gooding, Jr., American actor and producer is born in which New York borough ? The Bronx
67%
1941 - During World War II German bombing severely damages the Llandaff Cathedral in which UK city ? Cardiff
33%
1994 - Which model car is introduced by American Motors (Dodge / Chrysler / Plymouth)? Neon
33%
533 - Mercurius takes which name to become the first pope to adopt a new name upon elevation to the papacy ? Pope John II
33%
1974 - United States President Richard Nixon signs a bill to instigate which change ? Reduce speed limits to 55 mph
33%
2022 - Protests in Kazakhstan leave 200 people dead, what were the protests against? Rising price of liquified petroleum gas (LPG)
33%
1981 - One of the largest investigations by a British police force ends when serial killer Peter Sutcliffe, the "Yorkshire Ripper", is arrested in which UK city? Sheffield
33%
1788 - Which state is the fourth to ratify the United States Constitution ? Georgia
0%
2013 - Which African country banned the use of plastic bags ? Mauritania
0%
1953 - Guccio Gucci, Italian businessman and fashion designer, founder of Gucci, dies in which European place? West Sussex. UK
0%
No matching quizzes found
Score Distribution
Percent of People with Each Score
Percentile by Number Answered
Your Score History
You have not taken this quiz since the last reset